[Event "GER-ch 81st"]
[Site "Bad Liebenzell"]
[Date "2010.03.13"]
[Round "9"]
[White "Kotainy, Jens"]
[Black "Mueller, Oliver"]
[Result "1-0"]
[WhiteElo "2243"]
[BlackElo "2297"]
[EventDate "2010.03.05"]
[PlyCount "74"]

1. e4 c5 2. c3 d5 3. exd5 Qxd5 4. d4 Nf6 5. Nf3 Bg4 6. Be2 e6 7. Be3 cxd4 8. cxd4 Nc6 9. O-O Be7 10. Nc3 Qa5 11. h3 Bh5 12. Qb3 Qb4 13. Qxb4 Bxb4 14. g4 Bg6 15. Ne5 O-O 16. Rac1 Rfd8 17. Rfd1 Rac8 18. Nb5 a6 19. Nxc6 Rxc6 20. Rxc6 bxc6 21. Na7 Be4 22. Rc1 Ra8 23. Nxc6 Bf8 24. Bf4 Nd5 25. Bg3 Nb6 26. Nb8 a5 27. Bb5 Bd5 28. Bc6 Ra7 29. Bxd5 exd5 30. Rc6 Rb7 31. Na6 Nc4 32. b3 Nd2 33. Nc5 Bxc5 34. dxc5 Kf8 35. Rc8+ Ke7 36. c6 Rb6 37. c7 Nf3+ 1-0

[Event "GER-ch 81st"]
[Site "Bad Liebenzell"]
[Date "2010.03.13"]
[Round "9"]
[White "Lentrodt, Thomas"]
[Black "Lubbe, Nikolas"]
[Result "1/2-1/2"]
[WhiteElo "2367"]
[BlackElo "2353"]
[EventDate "2010.03.05"]
[PlyCount "25"]

1. d4 Nf6 2. Nf3 d5 3. c4 dxc4 4. e3 a6 5. Bxc4 e6 6. O-O c5 7. dxc5 Qxd1 8. Rxd1 Bxc5 9. a3 O-O 10. b4 Be7 11. Bb2 Nbd7 12. Nbd2 b5 13. Be2 1/2-1/2

[Event "GER-ch 81st"]
[Site "Bad Liebenzell"]
[Date "2010.03.13"]
[Round "9"]
[White "Meister, Peter"]
[Black "Figura, Atila Gajo"]
[Result "1-0"]
[WhiteElo "2407"]
[BlackElo "2418"]
[EventDate "2010.03.05"]
[PlyCount "125"]

1. d4 Nf6 2. c4 g6 3. Nc3 d5 4. Nf3 Bg7 5. cxd5 Nxd5 6. Na4 O-O 7. e4 Nb6 8. h3 Nc6 9. Be3 e5 10. d5 Ne7 11. Nxb6 axb6 12. Bc4 Kh8 13. Qd2 f5 14. Bh6 fxe4 15. Bxg7+ Kxg7 16. Nxe5 Nf5 17. Ng4 h5 18. Ne3 Qf6 19. Rc1 Nd4 20. Rd1 b5 21. Qxd4 bxc4 22. O-O Qxd4 23. Rxd4 b5 24. a3 Re8 25. Nd1 Rb8 26. Re1 Bf5 27. a4 bxa4 28. Rxc4 a3 29. bxa3 Rb1 30. Rxc7+ Kf6 31. Rf1 Ra8 32. Ne3 Rxf1+ 33. Kxf1 h4 34. Rc3 Rb8 35. Ke2 Ke5 36. Rc2 Bd7 37. Ra2 Ba4 38. Kd2 Rb3 39. Ke2 Bb5+ 40. Ke1 Ba4 41. Rb2 Rxb2 42. Nc4+ Kxd5 43. Nxb2 Bb5 44. Kd2 Kd4 45. Nd1 Bc6 46. Ne3 Ba4 47. Ke2 Bb5+ 48. Ke1 Kc3 49. Nd5+ Kb3 50. Nf4 Be8 51. Kd2 Kxa3 52. Ke3 Kb2 53. Kxe4 Kc2 54. Kf3 g5 55. Ne6 Bc6+ 56. Kg4 Bd7 57. Kxg5 Bxe6 58. Kxh4 Kd3 59. f4 Ke4 60. Kg5 Bc4 61. g4 Kd5 62. f5 Kd6 63. Kf6 1-0

[Event "GER-ch 81st"]
[Site "Bad Liebenzell"]
[Date "2010.03.13"]
[Round "9"]
[White "Milov, Leonid"]
[Black "Naumann, Alexander"]
[Result "1/2-1/2"]
[WhiteElo "2556"]
[BlackElo "2528"]
[EventDate "2010.03.05"]
[PlyCount "77"]

1. e4 e5 2. Nf3 Nf6 3. d4 Nxe4 4. Bd3 Nc6 5. dxe5 Nc5 6. O-O d6 7. Bb5 Bd7 8. Bg5 Qc8 9. exd6 Bxd6 10. Re1+ Ne6 11. Nc3 Bb4 12. Qd2 O-O 13. Bh4 a6 14. Bf1 Ne7 15. Rad1 Bc6 16. Bxe7 Bxe7 17. Ne5 Bg5 18. Qd3 Qe8 19. Qc4 Bf6 20. Nxf7 Qxf7 21. Qxe6 Qxe6 22. Rxe6 Rfd8 23. Rxd8+ Rxd8 24. Bd3 Bxc3 25. bxc3 Bd5 26. Re7 Bxa2 27. Rxc7 Bd5 28. f3 Ra8 29. c4 Bc6 30. c5 a5 31. Bc4+ Kh8 32. Kf2 a4 33. Ke3 Rd8 34. Re7 g6 35. Kf2 a3 36. Ke1 Rd4 37. Ba2 Rb4 38. Re3 Rb2 39. Rxa3 1/2-1/2

[Event "GER-ch 81st"]
[Site "Bad Liebenzell"]
[Date "2010.03.13"]
[Round "9"]
[White "Ritscher, Jan Paul"]
[Black "Engelmann, Jakob"]
[Result "1-0"]
[WhiteElo "2316"]
[BlackElo "2213"]
[EventDate "2010.03.05"]
[PlyCount "45"]

1. e4 c5 2. Nf3 d6 3. Bc4 Nf6 4. d3 Nc6 5. Bb3 g6 6. c3 Bg7 7. O-O O-O 8. h3 b5 9. Re1 e5 10. Bg5 Qc7 11. Nbd2 Na5 12. Bc2 Be6 13. Nf1 h6 14. Be3 d5 15. Qc1 Kh7 16. Nxe5 Rfd8 17. Bf4 Qb7 18. b4 cxb4 19. cxb4 Nc6 20. Nxc6 Qxc6 21. e5 Nd7 22. d4 Qc3 23. Bxg6+ 1-0

[Event "GER-ch 81st"]
[Site "Bad Liebenzell"]
[Date "2010.03.13"]
[Round "9"]
[White "Schloetzer, Waldemar"]
[Black "Natsidis, Christoph"]
[Result "0-1"]
[WhiteElo "2293"]
[BlackElo "2270"]
[EventDate "2010.03.05"]
[PlyCount "100"]

1. d4 Nf6 2. c4 e6 3. Nc3 Bb4 4. Qc2 d5 5. cxd5 exd5 6. Bg5 c5 7. Nf3 h6 8. Bxf6 Qxf6 9. dxc5 O-O 10. e3 Bf5 11. Bd3 Bxc3+ 12. bxc3 Bg4 13. Nd4 Nd7 14. Bf5 Bxf5 15. Qxf5 Qxf5 16. Nxf5 Nxc5 17. Ne7+ Kh8 18. Nxd5 Rfd8 19. O-O-O Rac8 20. Kc2 Na4 21. Rd4 b5 22. Rhd1 Rc5 23. R1d3 Rdc8 24. e4 g6 25. f4 h5 26. h3 Kg7 27. f5 a5 28. a3 Re8 29. Rg3 Kh6 30. h4 Rc6 31. f6 Nc5 32. Re3 Re5 33. Ne7 Rce6 34. Rd8 Kh7 35. Nd5 g5 36. Rf8 Rxd5 37. Rxf7+ Kg6 38. exd5 Rxe3 39. Rc7 Ne4 40. hxg5 Nxg5 41. d6 Kxf6 42. Rc8 Ne6 43. Rh8 Re5 44. g3 Nc5 45. c4 bxc4 46. Kc3 Ke6 47. Kxc4 Kxd6 48. Rh6+ Ne6 49. Rg6 Rc5+ 50. Kd3 Rg5 0-1

[Event "GER-ch 81st"]
[Site "Bad Liebenzell"]
[Date "2010.03.13"]
[Round "9"]
[White "Schoene, Ralf"]
[Black "Dauenheimer, Torsten"]
[Result "1/2-1/2"]
[WhiteElo "2316"]
[BlackElo "2233"]
[EventDate "2010.03.05"]
[PlyCount "20"]

1. d4 Nf6 2. c4 e6 3. Nc3 Bb4 4. e3 c5 5. Nge2 cxd4 6. exd4 O-O 7. a3 Be7 8. d5 exd5 9. cxd5 Re8 10. g3 Bc5 1/2-1/2

[Event "GER-ch 81st"]
[Site "Bad Liebenzell"]
[Date "2010.03.13"]
[Round "9"]
[White "Schulze, Ulrich"]
[Black "Kummerow, Heiko"]
[Result "1-0"]
[WhiteElo "2320"]
[BlackElo "2361"]
[EventDate "2010.03.05"]
[PlyCount "103"]

1. d4 Nf6 2. Nf3 g6 3. c4 Bg7 4. g3 O-O 5. Bg2 d6 6. O-O Nbd7 7. Nc3 c5 8. h3 a6 9. Be3 Rb8 10. a4 cxd4 11. Nxd4 Ne5 12. b3 Bd7 13. Qd2 Re8 14. a5 Nc6 15. Nxc6 Bxc6 16. Bb6 Qc8 17. e4 Qe6 18. Rfe1 Nd7 19. Ba7 Ra8 20. Be3 Nc5 21. Rab1 Bxc3 22. Qxc3 Nxe4 23. Qd4 f5 24. Bc1 Qf6 25. Qb6 Rad8 26. Bb2 Qf7 27. Rbc1 Nc5 28. Ba1 e5 29. Rcd1 Nd7 30. Qb4 Bxg2 31. Kxg2 Nc5 32. Bxe5 dxe5 33. Qxc5 Rxd1 34. Rxd1 Qe7 35. Rd6 Qf7 36. b4 f4 37. Qd5 Qxd5+ 38. Rxd5 fxg3 39. fxg3 Re7 40. Kf3 Kf7 41. Ke4 Kf6 42. Rd6+ Re6 43. Rxe6+ Kxe6 44. c5 Kd7 45. Kxe5 Kc6 46. Kd4 Kb5 47. Kc3 Kc6 48. Kc4 Kc7 49. g4 g5 50. b5 axb5+ 51. Kxb5 h6 52. c6 1-0

[Event "GER-ch 81st"]
[Site "Bad Liebenzell"]
[Date "2010.03.13"]
[Round "9"]
[White "Tischbierek, Raj"]
[Black "Heimann, Andreas"]
[Result "1-0"]
[WhiteElo "2433"]
[BlackElo "2458"]
[EventDate "2010.03.05"]
[PlyCount "85"]

1. e4 e5 2. Nf3 Nc6 3. d4 exd4 4. Nxd4 Bc5 5. Be3 Qf6 6. c3 Nge7 7. Bc4 b6 8. O-O Bb7 9. f4 d5 10. e5 Qh6 11. Bb5 O-O 12. Rf3 Bxd4 13. cxd4 f5 14. Nc3 Nd8 15. Bd3 Qh5 16. b4 Ne6 17. b5 a6 18. a4 axb5 19. axb5 Rxa1 20. Qxa1 Ra8 21. Qb1 Qf7 22. Rf2 g6 23. h3 Ng7 24. Rc2 Ne6 25. Ne2 Ra3 26. Ra2 Rxa2 27. Qxa2 Qe8 28. Bd2 Qa8 29. Qxa8+ Bxa8 30. Kf2 Kf7 31. g4 Bb7 32. Bb4 Ng7 33. Nc3 Ng8 34. Bc2 h5 35. Bb3 Ne6 36. Nxd5 Nxd4 37. Bc4 Bxd5 38. Bxd5+ Kg7 39. e6 Nxb5 40. e7 Nxe7 41. Bxe7 hxg4 42. hxg4 fxg4 43. Bd8 1-0

[Event "GER-ch 81st"]
[Site "Bad Liebenzell"]
[Date "2010.03.13"]
[Round "9"]
[White "Vatter, Hans Joachim"]
[Black "Roehl, Rainer"]
[Result "1/2-1/2"]
[WhiteElo "2328"]
[BlackElo "2182"]
[EventDate "2010.03.05"]
[PlyCount "36"]

1. e4 c5 2. Nf3 g6 3. d4 cxd4 4. Nxd4 Nc6 5. c4 Nf6 6. Nc3 d6 7. Be2 Nxd4 8. Qxd4 Bg7 9. Bg5 O-O 10. Qd2 Be6 11. O-O Qa5 12. Rfd1 Rfc8 13. b3 Kf8 14. Rac1 a6 15. f3 b5 16. Nd5 Qxd2 17. Bxd2 Nxd5 18. cxd5 Bd7 1/2-1/2

[Event "GER-ch 81st"]
[Site "Bad Liebenzell"]
[Date "2010.03.13"]
[Round "9"]
[White "Vogel, Christian"]
[Black "Krassowizkij, Jaroslaw"]
[Result "1/2-1/2"]
[WhiteElo "2263"]
[BlackElo "2244"]
[EventDate "2010.03.05"]
[PlyCount "139"]

1. Nf3 g6 2. g3 Bg7 3. Bg2 e5 4. O-O d5 5. c4 dxc4 6. Qa4+ c6 7. Qxc4 Be6 8. Qb4 Qe7 9. Qxe7+ Nxe7 10. Nc3 h6 11. Rd1 Nf5 12. b3 Na6 13. Bb2 O-O-O 14. Ne4 Nd4 15. Nxd4 exd4 16. Rdc1 Rhe8 17. Nc5 Nxc5 18. Rxc5 Bf8 19. Rcc1 Bg4 20. e3 dxe3 21. dxe3 Rd2 22. Bc3 Rd3 23. Bf1 Rd7 24. a3 Bd6 25. b4 Be5 26. h3 Bf3 27. Bg2 Bxg2 28. Kxg2 Rd3 29. Bxe5 Rxe5 30. Rc4 Kc7 31. a4 Kb6 32. Rf4 Re7 33. Rf6 Rc7 34. Rc1 Ra3 35. a5+ Kb5 36. Rf4 b6 37. axb6 axb6 38. Rcc4 g5 39. Rfe4 f5 40. Red4 Ra4 41. g4 c5 42. gxf5 Rxb4 43. Rxb4+ cxb4 44. e4 b3 45. Rd1 Kb4 46. e5 Rc5 47. Re1 b2 48. e6 Rc1 49. Re4+ Rc4 50. Re1 Rc1 51. Re4+ Ka5 52. e7 b1=Q 53. e8=Q Rg1+ 54. Kf3 Qd3+ 55. Re3 Qxf5+ 56. Ke2 Qb5+ 57. Qxb5+ Kxb5 58. Re6 h5 59. Rh6 h4 60. f4 Rg3 61. fxg5 Rxh3 62. Kd2 Ka5 63. g6 b5 64. g7 Rg3 65. Rxh4 Rxg7 66. Kc3 b4+ 67. Kb3 Rg3+ 68. Kb2 Ka4 69. Rh2 Rb3+ 70. Ka2 1/2-1/2

[Event "GER-ch 81st"]
[Site "Bad Liebenzell"]
[Date "2010.03.13"]
[Round "9"]
[White "Zeller, Frank"]
[Black "Prusikin, Michael"]
[Result "1/2-1/2"]
[WhiteElo "2420"]
[BlackElo "2542"]
[EventDate "2010.03.05"]
[PlyCount "54"]

1. e4 e5 2. Nc3 Nf6 3. f4 d5 4. fxe5 Nxe4 5. Qf3 Nxc3 6. dxc3 Be7 7. Bf4 Be6 8. O-O-O Nd7 9. Ne2 c5 10. h4 Qa5 11. Kb1 O-O-O 12. g3 Nb6 13. b3 Na8 14. Bg2 Nc7 15. Rd2 Rd7 16. Rhd1 Rhd8 17. h5 h6 18. g4 Kb8 19. Rd3 Nb5 20. c4 Na3+ 21. Kb2 Nxc2 22. Kxc2 Qxa2+ 23. Kc1 dxc4 24. bxc4 Qa1+ 25. Kc2 Qa2+ 26. Kc1 Qa1+ 27. Kc2 Qa2+ 1/2-1/2